Który film lepszy? #6 - Statystyki

Ogólne statystyki
  • Ten quiz został rozwiązany 340 razy
  • Średni wynik to 5 z 10
Statystyki odpowiedzi
Zagadnienie Odpowiedź % Poprawnych
Który z tych filmów został oceniony wyżej? Harry Potter i Kamień Filozoficzny
88%
Który z tych filmów został oceniony wyżej? Zimna wojna
88%
Która z tych komedii została oceniona wyżej? Borat: Podpatrzone w Ameryce, aby Kazachstan rósł w siłę, a ludzie żyli dostatniej
59%
Która część Minionków została oceniona najwyżej? Minionki Rozrabiają
53%
Który z tych filmów został oceniony wyżej? Piękny umysł
53%
Która z części Shreka została oceniona najwyżej? Shrek
47%
Która z tych komedii kryminalnych została oceniona najwyżej? Złap mnie, jeśli potrafisz
47%
Który z tych filmów z Tomem Hanksem w roli głównej został najwyżej oceniony? Zielona mila
35%
Który z tych filmów z akcją osadzoną podczas II wojny światowej został najwyżej oceniony? Wróg u bram
18%
Który z tych filmów o Jasonie Bourne został najwyżej oceniony? Ultimatum Bourne'a
6%
Nie znaleziono quizów pasujących do podanych kryteriów
Rozkład punktacji
Procent ludzi z każdym wynikiem
Percentyl według liczby udzielonych odpowiedzi
Twoja historia wyników
Nie rozwiązałeś tego quizu